00840cam a22002411 4500001001300000003000400013005001700017008004100034010001700075035001900092040004800111042001200159050001600171082001100187100002400198245010000222260006200322300009200384504003000476650002700506650002700533710003800560sg 46000131 DLC20260227112748.0750710s1946 nyuaek bs 000 0 eng c asg 46000131  a(OCoLC)1440056 aU.S. Surg.-Gen. Off. Libr.cNmUdOCoLCdDLC apremarc00aRA971b.R65 a362.111 aRoswell, Charles G.10aAccounting, statistics and business office procedures for hospitals,cby Charles G. Roswell ... aNew York, N.Y.,bUnited Hospital Fund of New York,c1946. a1 p. l., v-ix, 287 p.billus. (plan) forms (part fold., part in pocket) diagrs.c25 cm. aBibliography: p. 275-276. 0aHospitalsxAccounting. 0aHospitalsvStatistics.2 aUnited Hospital Fund of New York.